000 00714nam a2200289Ia 4500
005 20260324133752.0
008 008 260324s9999 xx 000 0 eng d
020 _a9780203574164
037 _aEBOOK
040 _aCRL
040 _beng
040 _cCRL
041 _2eng
041 _aeng
084 _qCRL
100 _aGiovanni Arrighi; Takeshi Hamashita; Mark Selden
_91194328
245 4 _aThe Resurgence of East Asia
245 0 _b500, 150 and 50 Year Perspectives
260 _bTaylor and Francis
260 _c2003
365 _a
365 _b325
856 _uhttp://www.taylorfrancis.com/books/9780203574164
942 _cEBOOK
999 _c1793720
_d1793720